[Event "Copenhagen op"]
[Site "Copenhagen"]
[Date "1998.06.29"]
[Round "8"]
[White "El Kher, Henrik"]
[Black "Grabliauskas, Virginijus"]
[Result "1-0"]
[WhiteElo "2285"]
[BlackElo "2465"]

1.e4 c5 2.Nf3 e6 3.d4 cxd4 4.Nxd4 a6 5.Bd3 Nf6 6.O-O d6 7.c4 Nbd7 8.Qe2 g6
9.b3 Bg7 10.Bb2 O-O 11.Nd2 Qc7 12.Rae1 Nc5 13.Bb1 Nh5 14.Qe3 Bd7 15.Rc1 Rac8
16.Bc3 e5 17.Ne2 Ne6 18.Bb2 Nhf4 19.b4 Nxe2+ 20.Qxe2 Qb8 21.Nb3 Nf4 22.Qf3 h5
23.h3 Be6 24.c5 b6 25.Ba3 bxc5 26.bxc5 Qb5 27.Kh2 Qa4 28.Nd2 d5 29.exd5 Bxd5
30.Be4 Bxa2 31.Ra1 Be6 32.Bb7 Rfd8 33.Bxc8 Rxc8 34.Qb7 Qc2 35.Ne4 Rd8 36.Rfc1 Qe2
37.Re1 Qc2 38.Rec1 Qe2 39.Re1 Qc2 40.c6 Bd5 41.Rac1 Qd3 42.Re3 Bxe4 43.Rxd3 Rxd3
44.Bc5 Kh7 45.Qxa6 Nd5 46.Qa7 Bxg2 47.Qxf7 Nf4 48.Be3 Bd5 49.Qe7 Ng2 50.c7 Nxe3
51.c8=Q Nf5 52.Qxf5  1-0

[Event "RUS-Cup06"]
[Site "Nizhnij Novgorod"]
[Date "1998.07.05"]
[Round "7"]
[White "Virovlansky, Semen"]
[Black "Novgorodskij, Vladimir"]
[Result "1-0"]
[WhiteElo "2345"]
[BlackElo "2420"]

1.e4 c5 2.Nf3 e6 3.d4 cxd4 4.Nxd4 a6 5.Bd3 Qb6 6.Nb3 Qc7 7.O-O Nf6 8.Nc3 b5
9.f4 b4 10.Ne2 Bb7 11.Ng3 h5 12.Qe2 h4 13.Nh1 h3 14.g3 a5 15.Nf2 a4 16.Nd4 Bc5
17.Be3 Qb6 18.c3 Nc6 19.Nc2 d5 20.e5 Nd7 21.Bxc5 Nxc5 22.Qe3 bxc3 23.bxc3 Qa5
24.Be2 Ba6 25.Bxa6 Rxa6 26.Rab1 Nd7 27.Rb7 Nd8 28.Rb4 Nc6 29.Rb2 Rb6 30.Rfb1 Rxb2
31.Rxb2 O-O 32.Nxh3 Rc8 33.Nf2 Ne7 34.Nd1 Nf5 35.Qe2 Rc4 36.Rb4 Qc5+ 37.Kg2 Rxc3
38.Nxc3 Qxc3 39.Rxa4 Qc6 40.Ra6 Qc3 41.Ra8+ Kh7 42.Kh3 Nb6 43.Ra3 Qc5 44.Rb3 d4
45.Qd3 Nd5 46.Rb5 Qc3 47.Qxc3 Nxc3 48.Rb2 Nd1 49.Rb1 Nc3 50.Rb3 Nxa2 51.g4 Ne7
52.Nxd4 Nd5 53.Kg3 Nac3 54.Kf3  1-0

[Event "Politiken Cup"]
[Site "Copenhagen"]
[Date "1998.07.15"]
[Round "11"]
[White "Borge, Nikolaj"]
[Black "Grabliauskas, Virginijus"]
[Result "1-0"]
[WhiteElo "2390"]
[BlackElo "2465"]

1.e4 c5 2.Nf3 e6 3.d4 cxd4 4.Nxd4 a6 5.Bd3 Qb6 6.Nb3 Qc7 7.a4 b6 8.O-O Nf6
9.Nc3 d6 10.f4 Nbd7 11.Be3 Bb7 12.Qf3 Be7 13.Qh3 O-O 14.g4 d5 15.exd5 exd5
16.g5 Ne4 17.a5 Rfe8 18.Bd4 Bd6 19.Rf3 Re7 20.axb6 Nxb6 21.Qh4 Nd7 22.Ra5 Nf8
23.f5 f6 24.gxf6 Nxf6 25.Bxf6 gxf6 26.Nxd5 Rg7+ 27.Kf1 Bxd5 28.Rxd5 Bxh2
29.Qxf6 Re8 30.Nd4 Rg1+ 31.Kf2 Ree1 32.Qh4 Be5 33.f6 Kh8 34.f7 Rh1 35.Qg4 Bg7
36.Qg3 Qb6 37.Qf4 Bh6 38.Qf5 Reg1 39.Qe5+ Bg7 40.Qf4 Qxb2 41.Rd8 Qb4 42.Rxf8+ Bxf8
43.Qe5+ Rg7 44.Rg3 Qd2+ 45.Kf3 Qd1+ 46.Be2 Rf1+ 47.Ke4 Re1 48.Ke3 Qc1+ 49.Kd3 Qa3+
50.c3 Rc1 51.Nf5 Qxc3+ 52.Qxc3 Rxc3+ 53.Kxc3 Rxg3+ 54.Nxg3 Kg7 55.Bc4 Kg6
56.Kd4 h5 57.Ke4 h4 58.Ne2 a5 59.Kf4 a4 60.Kg4 Kf6 61.Kxh4 Kf5 62.Kg3 Ke4
63.Kg4 a3 64.Nf4 Kd4 65.Be6 Kc3 66.Kf5 Kb2 67.Kf6 a2 68.Bxa2 Kxa2 69.Ng6 Bh6
70.Ke7  1-0

[Event "RUS-Cup07"]
[Site "Tomsk"]
[Date "1998.07.19"]
[Round "5"]
[White "Kalashnikov, Konstantin"]
[Black "Peregudov, Y."]
[Result "1-0"]
[WhiteElo "2315"]
[BlackElo "2220"]

1.e4 c5 2.Nf3 e6 3.d4 cxd4 4.Nxd4 a6 5.Bd3 Nc6 6.Nxc6 dxc6 7.O-O e5 8.Nd2 Nf6
9.Nc4 Bg4 10.Qe1 Nd7 11.f4 Be6 12.Qg3 f6 13.fxe5 Bxc4 14.Bxc4 Nxe5 15.Bb3 Qc7
16.Qh3 Bc5+ 17.Kh1 Ng6 18.e5 Nxe5 19.Bf4 Bd6 20.Rad1 Qe7 21.Rd2 Rd8 22.Rfd1 g6
23.c3 Rf8 24.Bh6 f5 25.Qe3 f4 26.Bxf8 Kxf8 27.Qxf4+ Kg7 28.Qe4 Qf6 29.h3 h5
30.Qe2 b5 31.Rf1 Qg5 32.Qd1 Bc7 33.Rxd8 Bxd8 34.Qd6 Bf6 35.Qe6 a5 36.a4 h4
37.axb5 cxb5 38.Qd5 b4 39.cxb4 axb4 40.Ra1 Qg3 41.Rf1 Qg5 42.Qe6  1-0

[Event "Hans & Lenze"]
[Site "Lippstadt"]
[Date "1998.07.31"]
[Round "2"]
[White "Wilhelmi, Christian"]
[Black "Bischoff, Klaus"]
[Result "1-0"]
[WhiteElo "2445"]
[BlackElo "2550"]

1.e4 c5 2.Nf3 e6 3.d4 cxd4 4.Nxd4 a6 5.Bd3 Qb6 6.Nb3 Qc7 7.c4 b6 8.Nc3 d6
9.O-O Nf6 10.Qe2 Be7 11.f4 Nc6 12.Bd2 Nd7 13.Rac1 Nc5 14.Bb1 O-O 15.Kh1 Bb7
16.Na1 Rfe8 17.a3 Bf8 18.b4 Nd7 19.Nb3 Ne7 20.Bd3 g6 21.Qf2 Bg7 22.Rfe1 Rac8
23.Bf1 Qb8 24.Re3 f5 25.Ree1 fxe4 26.Nxe4 Nf5 27.Ng5 Nf8 28.Bc3 Bxc3 29.Rxc3 Qc7
30.Nd4 Qg7 31.Rd3 Qf6 32.Nxf5 exf5 33.Red1 Rc6 34.b5 axb5 35.cxb5 Rc7 36.Qxb6 Rce7
37.Rxd6 Qc3 38.a4 h6 39.Rxg6+ Nxg6 40.Qxg6+ Qg7 41.Bc4+ Kh8 42.Nf7+ Qxf7
43.Qxf7 Rxf7 44.Bxf7 Re2 45.Bc4  1-0

[Event "Budapest FS08 IM-B"]
[Site "Budapest"]
[Date "1998.08.01"]
[Round "1"]
[White "Medvegy, Zoltan"]
[Black "Arnold, Lothar"]
[Result "1/2-1/2"]
[WhiteElo "2350"]
[BlackElo "2355"]

1.e4 c5 2.Nf3 e6 3.d4 cxd4 4.Nxd4 a6 5.Bd3 Bc5 6.Nb3 Ba7 7.a4 Nc6 8.Nc3 d6
9.O-O Nge7 10.Qe2 O-O 11.Kh1 e5 12.Bc4 Qc7 13.Bg5 Be6 14.Bxe6 fxe6 15.Qg4 Qd7
16.Qg3 Rac8 17.Rad1 Rc7 18.Be3 Bxe3 19.Qxe3 Nc8  1/2-1/2

[Event "Cardoza US op"]
[Site "Kona"]
[Date "1998.08.01"]
[Round "1"]
[White "Chapin, Chip E"]
[Black "Kacheishvili, Giorgi"]
[Result "0-1"]
[WhiteElo "2080"]
[BlackElo "2510"]

1.e4 c5 2.Nf3 e6 3.d4 cxd4 4.Nxd4 a6 5.Bd3 Nf6 6.O-O d6 7.c4 b6 8.Nc3 Bb7
9.f3 Be7 10.Be3 Nbd7 11.Kh1 O-O 12.Rc1 Rc8 13.Be2 Qc7 14.Qd2 Qb8 15.Rfd1 Bd8
16.Qe1 Kh8 17.Qg3 Rg8 18.b3 g5 19.Qh3 Ne5 20.Qh6 Rg6 21.Qf8+ Ng8 22.f4 gxf4
23.Bxf4 Bf6  0-1

[Event "Budapest FS08 IM-B"]
[Site "Budapest"]
[Date "1998.08.03"]
[Round "3"]
[White "Medvegy, Zoltan"]
[Black "Hallossy, Tibor"]
[Result "1-0"]
[WhiteElo "2350"]
[BlackElo "2145"]

1.e4 c5 2.Nf3 e6 3.d4 cxd4 4.Nxd4 a6 5.Bd3 Bc5 6.Nb3 Ba7 7.Qe2 Nc6 8.Be3 Bxe3
9.Qxe3 Nge7 10.Nc3 Qc7 11.f4 b6 12.O-O-O Bb7 13.e5 Nb4 14.Be4 Ned5 15.Nxd5 Bxd5
16.a3 Bxe4 17.Qxe4 Nd5 18.Kb1 Rc8 19.Rd4 b5 20.Rc1 O-O 21.c4 f5 22.Qe2 bxc4
23.Rdxc4 Qb7 24.Na5 Qa8 25.Rxc8 Rxc8 26.Rxc8+ Qxc8 27.g3 Nb6 28.Qc2 Kf7 29.Qxc8 Nxc8
30.Nc4 Ke7 31.Kc2 d6 32.exd6+ Nxd6 33.Kc3 h6 34.Nxd6 Kxd6 35.Kd4 g5 36.b4 e5+
37.fxe5+ Ke6 38.a4 f4 39.gxf4  1-0

[Event "Hampstead GM3"]
[Site "Hampstead"]
[Date "1998.08.10"]
[Round "1"]
[White "Aagaard, Jacob"]
[Black "Kreiman, Boris"]
[Result "0-1"]
[WhiteElo "2420"]
[BlackElo "2455"]

1.e4 c5 2.Nf3 e6 3.d4 cxd4 4.Nxd4 a6 5.Bd3 Bc5 6.Nb3 Ba7 7.O-O Nc6 8.Qe2 d6
9.Be3 Nf6 10.Bxa7 Rxa7 11.f4 O-O 12.Nc3 e5 13.f5 b5 14.Rad1 Bb7 15.Kh1 Ra8
16.Nd5 Nd4 17.Nxd4 exd4 18.Qf2 Bxd5 19.exd5 Qb6 20.Qh4 Rfe8 21.Rf4 Re5 22.Rxd4 Rae8
23.h3 h6 24.c3 Qc5 25.a4 bxa4 26.Bxa6 Qb6 27.Rxa4 Re4  0-1

[Event "MK Cafe Cup-A"]
[Site "Koszalin"]
[Date "1998.08.12"]
[Round "10"]
[White "Van der Wiel, John TH"]
[Black "Prasad, Devaki V"]
[Result "1/2-1/2"]
[WhiteElo "2520"]
[BlackElo "2405"]

1.e4 c5 2.Nf3 e6 3.d4 cxd4 4.Nxd4 a6 5.Bd3 Qb6 6.c3 Nc6 7.Be3 Qc7 8.Nd2 Nf6
9.Nxc6 bxc6 10.f4 d5 11.e5 Nd7 12.O-O a5 13.Kh1 g6 14.c4 Ba6 15.Rc1 Bc5 16.Rf3 Bxe3
17.Rxe3 Qb6 18.Rh3 Nc5 19.Bf1 Rd8 20.Qc2 d4 21.Bd3 Rb8 22.Ne4 Nxe4 23.Bxe4 Qxb2
24.Qxb2 Rxb2 25.Rb3 Rxb3 26.Bxc6+ Ke7 27.axb3 Rb8 28.Ba4 Bc8 29.Kg1 Bd7 30.Bxd7 Kxd7
31.Ra1 Rxb3 32.Rxa5 Rc3 33.Ra7+ Ke8 34.Ra8+ Ke7 35.Ra7+ Ke8 36.Ra8+ Ke7 37.Ra7+  1/2-1/2

[Event "Wch (Men) U26"]
[Site "Rotterdam"]
[Date "1998.08.14"]
[Round "4"]
[White "Cherevatenko, Roman"]
[Black "Bakhtadze, Giorgi"]
[Result "1/2-1/2"]
[WhiteElo "2410"]
[BlackElo "2395"]

1.e4 c5 2.Nf3 e6 3.d4 cxd4 4.Nxd4 a6 5.Bd3 Nf6 6.O-O d6 7.c4 b6 8.b3 Bb7
9.Qe2 Nbd7 10.Nc3 Be7 11.Bb2 O-O 12.Rae1 Re8 13.f4 g6 14.Kh1 Nh5 15.f5 Bh4
16.Rd1 Ne5 17.Bb1 Bg3 18.f6 Bh4 19.Na4 Nxf6 20.Nf3 Nxf3 21.Qxf3 e5 22.g3 Bg5
23.Nc3 Qd7 24.Kg2 Bc8 25.Bc1 Bxc1 26.Qxf6 Bh6 27.Nd5 Bg7 28.Qf2 Rb8 29.Nxb6 Qh3+
30.Kg1 Be6 31.Nd5 Rb7 32.Nf6+ Bxf6 33.Qxf6 Rb6 34.Rd2 Qh6 35.Qf2 Reb8 36.Bc2 Qg5
37.Re1 Kg7 38.Qe3 Qxe3+ 39.Rxe3 Kf6 40.Kg2 Ke7 41.Bd1 a5 42.Rc3 Rc6 43.a4 Rbc8
44.Bf3 Kd7 45.Kf2 Kc7 46.Rcd3 Rd8 47.Ke3 Kb6 48.Rc3 Rc7 49.Kd3 Bc8 50.Ke3 Be6
51.Kd3 Kc5 52.Kc2 Rb7 53.Re3 Rdb8 54.Bd1  1/2-1/2

[Event "Mislata op7th"]
[Site "Valencia"]
[Date "1998.08.15"]
[Round "3.5"]
[White "Crespo, Raimundo Francisco"]
[Black "Kovacevic, Slobodan"]
[Result "0-1"]
[WhiteElo "2185"]
[BlackElo "2420"]

1.e4 c5 2.Nf3 e6 3.d4 cxd4 4.Nxd4 a6 5.Bd3 Nf6 6.O-O d6 7.c4 Bd7 8.Nc3 Nc6
9.Be3 Ne5 10.Be2 Rc8 11.f4 Ng6 12.g4 h6 13.Qd2 Be7 14.Rf2 O-O 15.Rg2 Nh7
16.g5 hxg5 17.fxg5 Re8 18.Rf1 Ne5 19.b3 g6 20.h4 Bf8 21.h5 Bg7 22.Nd1 Nf8
23.Qe1 gxh5 24.Bxh5 Nfg6 25.Nf2 b5 26.cxb5 Bxb5 27.Nxb5 axb5 28.Ng4 Nxg4
29.Rxg4 Rc3 30.Qf2 Qc7 31.Bb6 Qe7 32.Bxg6 fxg6 33.Bd4 Bxd4 34.Qxd4 Rh3 35.Qf2 Qh7
36.Qg2 Rf8 37.Rg3  0-1

[Event "Mislata op7th"]
[Site "Valencia"]
[Date "1998.08.18"]
[Round "6.1"]
[White "Korneev, Oleg"]
[Black "Spassov, Liuben"]
[Result "1-0"]
[WhiteElo "2600"]
[BlackElo "2440"]

1.e4 c5 2.Nf3 e6 3.d4 cxd4 4.Nxd4 a6 5.Bd3 Nf6 6.O-O Qc7 7.Qe2 d6 8.c4 g6
9.Nc3 Bg7 10.Nf3 Nc6 11.h3 O-O 12.Rd1 Nd7 13.Be3 b6 14.Rac1 Nc5 15.Bb1 Bb7
16.b3 Rad8 17.Bg5 Rd7 18.Qd2 Qb8 19.Bh6 a5 20.Bxg7 Kxg7 21.Qe3 Rfd8 22.Nh2 Ne7
23.Ng4 Ng8 24.f4 h5 25.Nf2 d5 26.cxd5 exd5 27.Qd4+ f6 28.e5 Ne6 29.Qxb6 Nxf4
30.g3 d4 31.gxf4 dxc3 32.Rxd7+ Rxd7 33.Rxc3 f5 34.Rg3 Ne7  1-0

[Event "Mislata op7th"]
[Site "Valencia"]
[Date "1998.08.19"]
[Round "7.2"]
[White "Oltra Caurin, Ramon"]
[Black "Kovacevic, Slobodan"]
[Result "1-0"]
[WhiteElo "2410"]
[BlackElo "2420"]

1.e4 c5 2.Nf3 e6 3.d4 cxd4 4.Nxd4 a6 5.Bd3 Nf6 6.O-O d6 7.c4 Bd7 8.b3 Nc6
9.Bb2 Be7 10.Nd2 O-O 11.Qe2 Qa5 12.a3 Ne5 13.Bc2 Nc6 14.Kh1 Nxd4 15.Bxd4 e5
16.Bb2 b5 17.f4 Bg4 18.Qe1 Be6 19.fxe5 dxe5 20.Bxe5 Ng4 21.b4 Qd8 22.Bc3 bxc4
23.e5 Qb6 24.Qe4 g6 25.Bd4 Qc7 26.Qf4 Rad8 27.h3 Nh6 28.Bc3 Kg7 29.Ne4 Ng8
30.Nf6 Kh8 31.Qh4 Nxf6 32.exf6 Bd6 33.Bxg6 fxg6 34.f7+ Be5 35.Qf6+  1-0

[Event "FRA-ch"]
[Site "Meribel"]
[Date "1998.08.23"]
[Round "10"]
[White "Guigonis, Dominique"]
[Black "Bauer, Christian"]
[Result "0-1"]
[WhiteElo "2315"]
[BlackElo "2490"]

1.e4 c5 2.Nf3 e6 3.d4 cxd4 4.Nxd4 a6 5.Bd3 g6 6.O-O Bg7 7.Be3 Ne7 8.Nc3 O-O
9.f4 d5 10.e5 Nd7 11.Nf3 Qc7 12.Qd2 Nc5 13.Qf2 b6 14.Rac1 Bb7 15.Bd4 Rac8
16.g4 Nc6 17.g5 Rfd8 18.Rcd1 Bf8 19.Ne2 Nxd4 20.Nfxd4 b5 21.a3 Qb6 22.c3 Ne4
23.Qh4 Qc7 24.Rf3 Qe7 25.Rh3 h5 26.Ng3 Bg7 27.Nxh5 gxh5 28.Qxh5 Kf8 29.Qg4 Qc5
30.Rh7 Nxc3 31.bxc3 Qxc3 32.Be2 Qe3+ 33.Kf1 Rc1 34.Rxc1 Qxc1+ 35.Kf2 Qc5
36.Ke3 Qc1+ 37.Kf3 Qc3+ 38.Kg2 Qxd4 39.Qh4 Qe4+ 40.Bf3 Qg6 41.Bh5 d4+ 42.Kf2 Qc2+
43.Be2 d3  0-1

[Event "Wiesbaden op"]
[Site "Wiesbaden"]
[Date "1998.08.25"]
[Round "5"]
[White "Schnitzspan, Lothar"]
[Black "Roth, Markus"]
[Result "1-0"]
[WhiteElo "2310"]
[BlackElo "2125"]

1.Nf3 e6 2.e4 c5 3.d4 cxd4 4.Nxd4 a6 5.Bd3 Nf6 6.O-O Qc7 7.Qe2 d6 8.Nc3 Be7
9.Kh1 b5 10.f4 Nbd7 11.Bd2 O-O 12.Rae1 Bb7 13.e5 Nd5 14.Qh5 g6 15.Qh6 dxe5
16.Bxg6 N5f6 17.fxe5 Nxe5 18.Bf4 Bd6 19.Be4 Nxe4 20.Rxe4 Ng6 21.Bg5 Rfd8
22.Bxd8 Rxd8 23.Rg4 Bf8 24.Qh3 b4 25.Ne4 Bg7 26.Ng5 h6 27.Rxf7 Qxc2 28.Rf1 hxg5  1-0

[Event "CRO-chT"]
[Site "Porec"]
[Date "1998.09.06"]
[Round "2"]
[White "Poljak, Srebrenka"]
[Black "Bocina, Marija"]
[Result "0-1"]
[WhiteElo "2040"]
[BlackElo "2010"]

1.e4 c5 2.Nf3 e6 3.d4 cxd4 4.Nxd4 a6 5.Bd3 Qc7 6.O-O Nf6 7.c4 Be7 8.Qe2 d6
9.Nc3 Bd7 10.Be3 Nc6 11.Nxc6 Bxc6 12.Rac1 Qa5 13.Bd2 Qh5 14.Qxh5 Nxh5 15.b4 Nf6
16.b5 Bd7 17.a4 O-O 18.Ra1 Rfc8 19.Rfb1 axb5 20.axb5 Ng4 21.f4 Bf6 22.h3 Bd4+
23.Kf1 Ne3+ 24.Bxe3 Bxe3 25.Na4 Bd4 26.Ra2 Ra5 27.Ke2 Kf8 28.Rd1 Ke7 29.g4 e5
30.f5 f6 31.Rc1 Bxb5 32.Nb6  0-1

[Event "CRO-chT"]
[Site "Porec"]
[Date "1998.09.10"]
[Round "5"]
[White "Zelenika, Srdjan"]
[Black "Sulava, Nenad"]
[Result "1/2-1/2"]
[WhiteElo "2255"]
[BlackElo "2380"]

1.e4 c5 2.Nf3 e6 3.d4 cxd4 4.Nxd4 a6 5.Bd3 Bc5 6.Nb3 Ba7 7.Qe2 Nc6 8.Be3 Nge7
9.O-O O-O 10.c4 d6 11.Nc3 e5 12.Bxa7 Rxa7 13.Qe3 b6 14.Rfd1 a5 15.Na4 Rb7
16.Rd2 Be6 17.Nc3 Nc8 18.Rad1 Rd7 19.Be2 Qc7 20.Nb5 Qb8 21.Na1 N6a7 22.Nc3 Nc6
23.Nc2 N6e7 24.f4 exf4 25.Qxf4 Ng6 26.Qg3 Ne5 27.b3 Rfd8 28.Ne3 Ne7 29.Nb5 N7c6
30.Nf5 Bxf5 31.exf5 f6 32.Bf3 Nxf3+ 33.Qxf3 Ne5 34.Qe4 Nf7 35.Qc6 Re7 36.Nxd6 Rc7
37.Qf3 Ng5 38.Qe3 Rcd7 39.Nb5 Rxd2 40.Rxd2 Re8 41.Qd4 h5 42.Nc3 Kh7 43.Qh4 Kh6
44.Qd4 Re1+ 45.Kf2 Re7 46.Qd6 Qe8 47.Qf4 Kh7 48.Re2 Rxe2+ 49.Nxe2 Qe7 50.Qe3 Qa3
51.Qxb6 Qxa2 52.h4 Nf7 53.Qe3 Ne5 54.Kg3 Ng4 55.Qd3 Qa1 56.Qf3 Qe1+ 57.Kf4 Qxh4
58.Qg3 Qg5+ 59.Ke4 Qd2 60.Qf3 Qc2+ 61.Kd5 Qd2+ 62.Nd4 Kg8 63.g3 Ne3+ 64.Ke4 Nd1
65.Kd5 Ne3+ 66.Ke4 Nd1 67.Kd5  1/2-1/2

[Event "CRO-chT"]
[Site "Porec"]
[Date "1998.09.12"]
[Round "6"]
[White "Zelenika, Srdjan"]
[Black "Vukelic, Tomislav"]
[Result "1/2-1/2"]
[WhiteElo "2255"]
[BlackElo "2310"]

1.e4 c5 2.Nf3 e6 3.d4 cxd4 4.Nxd4 a6 5.Bd3 Qb6 6.Nb3 Nc6 7.Nc3 Nf6 8.Be3 Qc7
9.f4 d6 10.O-O b5 11.a3 Bb7 12.Nd4 b4 13.axb4 Nxb4 14.Ra4 Nxd3 15.cxd3 Be7
16.Kh1 O-O 17.Qd2 Rfb8 18.Rc1 Qd7 19.Ra2 Bd8 20.b4 Rc8 21.Nb3 Rab8 22.Ba7 Ra8
23.Bd4 Rab8 24.Na5 Ba8 25.Rb2 Bxa5 26.bxa5 Rxb2 27.Qxb2 e5 28.Be3 h6 29.Qb6 Rc6
30.Qb8+ Rc8 31.Qb6 Rc6  1/2-1/2

[Event "Elista ol (Men)"]
[Site "Elista"]
[Date "1998.09.30"]
[Round "2"]
[White "Kosashvili, Yona"]
[Black "Pavasovic, Dusko"]
[Result "1/2-1/2"]
[WhiteElo "2580"]
[BlackElo "2475"]

1.e4 c5 2.Nf3 e6 3.d4 cxd4 4.Nxd4 a6 5.Bd3 Qb6 6.Nb3 Qc7 7.O-O Nf6 8.c4 d6
9.a4 b6 10.a5 Nc6 11.axb6 Qxb6 12.Nc3 Rb8 13.Ra3 Be7 14.Bf4 Nd7 15.Be3 Qc7
16.f4 Nb4 17.Be2 O-O 18.Qd2 Bb7 19.Rc1 Nc5 20.Nxc5 dxc5 21.Bf1 Nc6 22.Qf2 Rbd8
23.Raa1 Nd4 24.Rd1 f5 25.e5 Rd7 26.Rd2 Rfd8 27.Rad1 Bc6 28.Kh1 Qb7 29.Ne2 Nxe2
30.Qxe2 Qb4 31.Rxd7 Rxd7 32.Rxd7 Bxd7 33.Qd2 Qxd2 34.Bxd2 Bc6 35.Kg1 Kf7
36.g3 h6 37.Bg2 Bxg2 38.Kxg2 Ke8 39.h3 h5  1/2-1/2

[Event "Elista ol (Men)"]
[Site "Elista"]
[Date "1998.09.30"]
[Round "2"]
[White "Esplana, Christian"]
[Black "Popchev, Milko"]
[Result "1/2-1/2"]
[WhiteElo "2200"]
[BlackElo "2495"]

1.e4 c5 2.Nf3 e6 3.d4 cxd4 4.Nxd4 a6 5.Bd3 Nf6 6.O-O d6 7.c4 b6 8.Nc3 Bb7
9.b3 Nbd7 10.Bb2 g6 11.Qe2 Bg7 12.Rad1 O-O 13.Kh1 Qc7 14.Bb1 Rad8 15.f4 Rfe8
16.Nf3 Nh5 17.Ng5 f6 18.Nh3 f5 19.exf5 exf5 20.Qd2 Ndf6 21.Rfe1 Rxe1+ 22.Rxe1 d5
23.cxd5 Nxd5 24.Nxd5 Bxd5 25.Bxg7 Nxg7 26.Bd3 Be4 27.Bc4+ Kh8 28.Qb2 b5 29.Bf1 h6
30.Rc1 Qd6 31.a4 bxa4 32.bxa4 a5 33.Kg1 Kh7 34.Qc3 Qd4+ 35.Qxd4 Rxd4 36.Bb5 Ne6
37.Nf2 Bd5 38.g3 Bb3 39.Rc6 Ng7 40.Ra6 Bxa4  1/2-1/2

[Event "Budapest FS10 GM"]
[Site "Budapest"]
[Date "1998.10.03"]
[Round "1"]
[White "Fogarasi, Tibor"]
[Black "Kreiman, Boris"]
[Result "1/2-1/2"]
[WhiteElo "2425"]
[BlackElo "2455"]

1.e4 c5 2.Nf3 e6 3.d4 cxd4 4.Nxd4 a6 5.Bd3 Bc5 6.Nb3 Ba7 7.Nc3 Nc6 8.Qe2 d6
9.Be3 Nf6 10.O-O O-O 11.Kh1 b5 12.f4 b4 13.Nd1 e5 14.Bxa7 Rxa7 15.Ne3 a5
16.a3 bxa3 17.Rxa3 exf4 18.Rxf4 Be6 19.Bb5 Ne5 20.Nd4 Qb6 21.c3 Ng6 22.Rxf6 gxf6
23.Qf3 Qc5 24.Nd5 Bxd5 25.exd5 Rb8 26.Qxf6 Qxd5 27.c4 Qe5 28.Qf2 Re7 29.Ra1 Qe3
30.Qxe3 Rxe3 31.h3 d5 32.Nc6 Rbe8 33.Rxa5 dxc4 34.Bxc4 Ne5 35.Nxe5 R8xe5
36.Ra7 Rf5 37.b3 h5 38.Rd7 Rf4 39.Rd5 h4 40.Rg5+ Kf8 41.Kh2 f5 42.Rg6 Re1
43.Re6 Rxe6 44.Bxe6 Ke7 45.Bd5 Kd6 46.Ba8 Rb4 47.Bf3 Rxb3 48.Ba8 Ra3 49.Bb7 Kc5
50.Bc8 f4 51.Bb7 Kd4 52.Bc6 Ke3  1/2-1/2

[Event "Elista ol (Men)"]
[Site "Elista"]
[Date "1998.10.03"]
[Round "5"]
[White "Ahmad, Aziz"]
[Black "Smith, Robert W"]
[Result "1-0"]
[WhiteElo "2350"]
[BlackElo "2310"]

1.e4 c5 2.Nf3 e6 3.d4 cxd4 4.Nxd4 a6 5.Bd3 Nf6 6.O-O Qc7 7.Nc3 d6 8.a4 b6
9.Be3 Be7 10.f4 Bb7 11.Qe2 h5 12.Kh1 Nbd7 13.Bg1 h4 14.h3 g6 15.Bh2 Nc5 16.Rae1 Qd7
17.e5 dxe5 18.fxe5 Nxd3 19.Qxd3 Nh5 20.Ne4 Ng3+ 21.Bxg3 hxg3 22.c3 Qxa4 23.Qf3 O-O
24.Qxg3 Bxe4 25.Rxe4 Qd7 26.Rg4 Bc5 27.Qf4 Bxd4 28.cxd4 Rfd8 29.Qf6  1-0

[Event "Elista ol (Men)"]
[Site "Elista"]
[Date "1998.10.04"]
[Round "6"]
[White "Holmsten, Aleksei"]
[Black "Ionescu, Constantin"]
[Result "1/2-1/2"]
[WhiteElo "2400"]
[BlackElo "2515"]

1.e4 c5 2.Nf3 e6 3.d4 cxd4 4.Nxd4 a6 5.Bd3 Nf6 6.O-O d6 7.c4 b6 8.Nc3 Bb7
9.Be3 Nbd7 10.f4 g6 11.Kh1 Bg7 12.f5 Qe7 13.fxe6 fxe6 14.Nf3 O-O 15.Qe1 Ng4
16.Bg5 Bf6 17.Bxf6 Rxf6 18.Qg3 Nge5 19.Nxe5 Nxe5 20.Rxf6 Qxf6 21.Rf1 Qd8
22.Be2 Bc6 23.h4 Ra7 24.h5 Rg7 25.Rd1 Qe7 26.h6 Rf7 27.Kg1 Kf8 28.b4 Qc7
29.Rf1 Be8 30.Rxf7+ Nxf7 31.Qf2 Qd8 32.e5 dxe5 33.Ne4 Qd4 34.Qxd4 exd4 35.c5 b5
36.Kf2 Ke7 37.Bf3 Bc6 38.Ke2 e5 39.Kd3 Nxh6 40.Ng5 Bxf3 41.gxf3 Nf7 42.Nxh7 Nd8
43.Ke4 Nc6 44.a3 a5 45.bxa5 Nxa5 46.f4 exf4 47.Kxf4 Nb3 48.Ke4 Nxc5+ 49.Kxd4 Kd6
50.Kc3 Na6 51.Nf8 g5 52.Nh7 g4 53.Nf6 g3 54.Ne4+ Kd5 55.Nxg3  1/2-1/2

[Event "Elista ol (Men)"]
[Site "Elista"]
[Date "1998.10.04"]
[Round "6"]
[White "Dervishi, Erald"]
[Black "Soto Paez, Oliver"]
[Result "1-0"]
[WhiteElo "2430"]
[BlackElo "2320"]

1.e4 c5 2.Nf3 e6 3.d4 cxd4 4.Nxd4 a6 5.Bd3 Nf6 6.O-O Qc7 7.c4 d6 8.Nc3 Nbd7
9.Be3 Be7 10.Rc1 b6 11.f3 Bb7 12.Qd2 O-O 13.Rfd1 Rfe8 14.Bf1 Rad8 15.b4 Rc8
16.a3 Bf8 17.Nb3 Qb8 18.Qf2 Bc6 19.Kh1 Red8 20.Bd4 Rc7 21.Re1 g6 22.Rcd1 Bg7
23.Rd2 Bh6 24.Be3 Bxe3 25.Qxe3 Ne5 26.Red1 Rcc8 27.b5 Be8 28.Na4 Nxc4 29.Bxc4 axb5
30.Nxb6 Rc6 31.Nd5 exd5 32.Bxd5 Ra6 33.e5 Nxd5 34.Rxd5 Rxa3 35.Rxd6 Rxd6
36.exd6 Bd7 37.Rd3 b4 38.h3 Qb5 39.Kh2 h5 40.Qd4 h4 41.Re3 Ra2 42.Qxh4 Qf1
43.Qg5 Kg7 44.Re7 Qxf3 45.Rxd7 Qxb3 46.Qe5+ Kh7 47.Rd8 Rxg2+ 48.Kxg2 Qc2+
49.Kg3 Qd3+ 50.Kh4 Qc4+ 51.Kg5 f6+ 52.Kxf6 Qh4+ 53.Kf7 Qf2+ 54.Ke8 b3 55.Rb8 b2
56.Rxb2 Qf3 57.d7 Qc6 58.Rf2 Kh6 59.Qh8+ Kg5 60.Qf6+  1-0

[Event "Elista ol (Men)"]
[Site "Elista"]
[Date "1998.10.04"]
[Round "6"]
[White "Solomon, Stephen J"]
[Black "Dao Thien Hai"]
[Result "1-0"]
[WhiteElo "2435"]
[BlackElo "2580"]

1.e4 c5 2.Nf3 e6 3.d4 cxd4 4.Nxd4 a6 5.Bd3 g6 6.c4 Bg7 7.Be3 Ne7 8.Nc3 O-O
9.O-O d6 10.Qd2 Nd7 11.f4 e5 12.Nf3 Nc5 13.Nxe5 Nxe4 14.Bxe4 dxe5 15.Qxd8 Rxd8
16.fxe5 Bxe5 17.Bg5 Re8 18.Nd5 Nxd5 19.Bxd5 Be6 20.Rad1 Rab8 21.b4 Rbc8 22.c5 Rc7
23.Bxe6 fxe6 24.Bd8 Rc8 25.Ba5 Re7 26.Rfe1 Bc7 27.Bxc7 Rcxc7 28.Rd6 Kf7 29.Kf2 Rcd7
30.Rexe6 Rxd6 31.Rxd6 Ke8 32.h4 a5 33.a3 axb4 34.axb4 Re4 35.Rb6 Re7 36.Kf3 Kd8
37.Kf4 Kc7 38.Rf6 Re2 39.g4 Rb2 40.Rf7+ Kc6 41.Rxh7 Rxb4+ 42.Kg5 Kxc5 43.Rh6 Rd4
44.Rxg6 b5 45.h5 Rd5+ 46.Kf4 b4 47.h6 b3 48.h7 b2 49.h8=Q Rd4+ 50.Qxd4+  1-0

[Event "Elista ol (Men)"]
[Site "Elista"]
[Date "1998.10.06"]
[Round "8"]
[White "Amonatov, Farrukh"]
[Black "Nijboer, Friso"]
[Result "1-0"]
[WhiteElo "2240"]
[BlackElo "2525"]

1.e4 c5 2.Nf3 e6 3.d4 cxd4 4.Nxd4 a6 5.Bd3 g6 6.c4 Bg7 7.Ne2 Nc6 8.O-O Nge7
9.Nbc3 O-O 10.Bg5 h6 11.Bh4 d6 12.f4 Qc7 13.Kh1 Bd7 14.Rc1 Rae8 15.Qd2 Qb8
16.Rcd1 f5 17.Bb1 fxe4 18.Qxd6 Qxd6 19.Rxd6 Bc8 20.Bxe7 Nxe7 21.Bxe4 Nf5
22.Rd3 e5 23.fxe5 Bxe5 24.Rfd1 Kg7 25.c5 Ne7 26.Rf3 Nc6 27.h3 h5 28.Rxf8 Rxf8
29.Bf3 Be6 30.b3 Rd8 31.Rxd8 Nxd8 32.Kg1 a5 33.Kf2 Nc6 34.Ke3 Kf6 35.Nb5 h4
36.Nbd4 Nxd4 37.Nxd4 Bc8 38.a3 Bh2 39.Bg4 Bg1+ 40.Ke4 Bf5+ 41.Bxf5 gxf5+
42.Kd5 Be3 43.b4 a4 44.b5 Bc1 45.c6 bxc6+ 46.bxc6 Ke7 47.Nb5 Bd2 48.Kc5 Ba5
49.Nd4 f4 50.Kb5 Bc3 51.Nf5+ Kd8 52.Kb6  1-0

[Event "Elista ol (Men)"]
[Site "Elista"]
[Date "1998.10.06"]
[Round "8"]
[White "Al Modiahki, Mohamad"]
[Black "Rohl, Juan"]
[Result "1-0"]
[WhiteElo "2505"]
[BlackElo "2330"]

1.e4 c5 2.Nf3 e6 3.d4 cxd4 4.Nxd4 a6 5.Bd3 Nf6 6.O-O Qc7 7.Qe2 d6 8.c4 g6
9.Nc3 Bg7 10.Nf3 Nc6 11.Rd1 O-O 12.h3 Nd7 13.Be3 Nde5 14.Rac1 Bd7 15.Ne1 Nb4
16.b3 f5 17.exf5 gxf5 18.Bb1 Ng6 19.Nd3 Nc6 20.Nf4 Nxf4 21.Bxf4 Nd4 22.Qd2 e5
23.Nd5 Qd8 24.Be3 Bc6 25.Bxd4 exd4 26.Re1 Qh4 27.Ne7+ Kh8 28.Nxf5 Rxf5 29.Bxf5 Bh6
30.Qd3 Bxc1 31.Rxc1 Rg8 32.g4 h5 33.Qxd4+ Rg7 34.Rc3 Qg5 35.Re3 Kg8 36.Be6+ Kh7
37.Qxd6 hxg4 38.hxg4 Qh4 39.Qh2  1-0

[Event "New York Manhattan"]
[Site "New York"]
[Date "1998.10.09"]
[Round "2"]
[White "Ady, Jonathan James"]
[Black "Stripunsky, Alexander"]
[Result "1/2-1/2"]
[WhiteElo "2395"]
[BlackElo "2520"]

1.e4 c5 2.Nf3 e6 3.d4 cxd4 4.Nxd4 a6 5.Bd3 Bc5 6.Be3 Qb6 7.c3 Nc6 8.Nd2 Qxb2
9.Rc1 Bxd4 10.cxd4 d5 11.exd5 exd5 12.O-O Nge7 13.Nb3 Qa3 14.Rc5 b6 15.Bc1 Qa4
16.Rc3 Qb4 17.Qc2 Qd6 18.Re1 Be6 19.Qe2 O-O 20.Bxa6 Nf5 21.Bd3 Ncxd4 22.Nxd4 Nxd4
23.Qh5 g6 24.Qh6 Rxa2 25.Bf4 Qb4 26.Be5 f6 27.Bxg6 Ne2+ 28.Kf1 Ra7 29.Rc7 Rxc7
30.Bxc7 hxg6 31.Qxg6+ Kh8 32.Qh6+  1/2-1/2

[Event "Elista ol (Men)"]
[Site "Elista"]
[Date "1998.10.10"]
[Round "11"]
[White "Rogic, Davor"]
[Black "Perdomo, Carlos Andres"]
[Result "1-0"]
[WhiteElo "2460"]
[BlackElo "2410"]

1.e4 c5 2.Nf3 e6 3.d4 cxd4 4.Nxd4 a6 5.Bd3 b6 6.O-O Bb7 7.c4 Nc6 8.Nf3 d6
9.Nc3 Nf6 10.Qe2 Be7 11.Bf4 Nd7 12.Rfd1 Nde5 13.Rac1 O-O 14.Bb1 Qb8 15.Be3 Nxf3+
16.Qxf3 Ne5 17.Qe2 Bc6 18.b3 Qb7 19.f4 Ng6 20.a4 Rfd8 21.b4 Bf6 22.b5 Be8
23.e5 dxe5 24.fxe5 Bxe5 25.Be4 Qc7 26.Bxa8 Rxa8 27.h3 axb5 28.axb5 Nf4 29.Qf3 Ra3
30.Bxf4 Bxf4 31.Ra1 Qxc4 32.Rxa3 Qc5+ 33.Kh1 Qxa3 34.Qxf4 Qxc3 35.Rd8  1-0